Reproducción asistida: promesas, normas y realidad

Guardat en:
Dades bibliogràfiques
Autor principal: Cambrón Infante, Ascensión (Autor)
Format: Llibre
Idioma:espanyol
Publicat: Madrid Trotta 2001
Col·lecció:Colección Estructuras y Procesos. Serie Derecho
Matèries:
Etiquetes: Afegir etiqueta
Sense etiquetes, Sigues el primer a etiquetar aquest registre!

MARC

LEADER 00000nam a2200000 a 4500
001 UCM9736
003 CL-VaPUC
008 030516e20010000SP |||||||||||||||||spa|d
082 0 4 |a 344.04196  |b CAM  |2 21 
100 0 |a Cambrón Infante, Ascensión  |e author  |9 476302 
245 1 0 |a Reproducción asistida: promesas, normas y realidad 
300 |a 244 p 
942 |c BK 
945 |d 20030516 00:00:00  |a rbrito 
260 |a Madrid  |b Trotta  |c 2001 
650 0 |a Reproducción asistida  |9 441978 
650 0 |a Inseminación artificial  |9 338967 
650 0 |a Fecundación in vitro  |9 309862 
650 0 |a Clonación  |9 395294 
583 |a last modification  |c 20030516 00:00:00  |k Rodrigo Vera 
490 0 |a Colección Estructuras y Procesos. Serie Derecho 
999 |c 303866  |d 303864 
952 |0 0  |1 0  |4 0  |6 344_041960000000000_CAM_2001  |7 0  |8 DER_TF  |9 365442  |a BIBDER  |b BIBDER  |d 2019-11-21  |i 3846377  |l 1  |o 344.04196 CAM 2001  |p 3846377  |r 2023-01-25  |s 2020-03-18  |w 2019-11-21  |x Ubicación 4to Piso  |y BK  |z Estos recursos deben solicitarse con anticipación  |k DER